00768nam a2200217 i 450000100060000000300090000600500170001500700030003200800410003510000270007624500860010325000120018926000590020130000220026049000250028270000400030783000330034785200320038099900170041295201210042935840ES-MaACL20230906155227.0t|030214s1981 sp ||||1| spa d1 aBoulle, Pierre.93092213aEl buen Leviatán / cpor Pierre Boulle ; [traducción de Rosalía Vázquez]. a1ª ed. a[Esplugues de Llobregat] : bPlaza & Janés, c[1981] a255 p. ; c19 cm.1 aNovelistas del día1 aVázquez Tomás, Rosalia.91460040 aNovelistas del día9180813 aES-MaACLjL-1705 bR.101858 c35840d35840 00104070aATENEOMbATENEOMcDEPO2d2008-01-17eSCl0oL-1705p1037555r2023-02-23 00:00:00w2023-02-23yMONOGRAFIA